Logic design : IIIrd sem E and C, telecommunication, E and E, instrumentation, medical electronics, biomedical engg, VTU (Record no. 174804)

MARC details
000 -LEADER
fixed length control field 00590nam a2200157Ia 4500
008 - FIXED-LENGTH DATA ELEMENTS--GENERAL INFORMATION
fixed length control field 231217s9999 xx 000 0 und d
041 ## - LANGUAGE CODE
Language code of text/sound track or separate title English
082 ## - DEWEY DECIMAL CLASSIFICATION NUMBER
Classification number 621.381952 GOD
100 ## - MAIN ENTRY--PERSONAL NAME
Personal name Godse, Atul P Godse, Deepali A
245 #0 - TITLE STATEMENT
Title Logic design : IIIrd sem E and C, telecommunication, E and E, instrumentation, medical electronics, biomedical engg, VTU
250 ## - EDITION STATEMENT
Edition statement 1st ed.
260 ## - PUBLICATION, DISTRIBUTION, ETC.
Date of publication, distribution, etc. 2003
Name of publisher, distributor, etc. Technical Publ.,
Place of publication, distribution, etc. New Delhi
300 ## - PHYSICAL DESCRIPTION
Extent xvi+638
650 ## - SUBJECT ADDED ENTRY--TOPICAL TERM
Topical term or geographic name entry element Logic,:,IIIrd,semester,E,C,,telecommunication,,E,E,,instrumentation,,medical,electronics,,biomedical,engg,
942 ## - ADDED ENTRY ELEMENTS (KOHA)
Koha item type Books
Holdings
Date last seen Total checkouts Full call number Accession number Price effective from Category Lost status Damaged status Department Withdrawn status Home library Current library Shelving location Entry date Vendor Grants Billdate Currency symbol Conversion rate Discount Old discount
26/01/2024   621.381952 GOD 34609 26/01/2024 Books     Information Science   Central Library Central Library Information Science 20/05/2005 Publisher IS 14/06/2008 RS 1    

© For any Suggestions or Query, please contact the library staff @ librarian@pes.edu or Phone: +9180 2672 1983/ 2108.